| 000 | 01286cam a2200205 4500 | ||
|---|---|---|---|
| 001 | ##L132496 | ||
| 008 | 060213n2006 000 0 eng u | ||
| 035 | _a(Sirsi) u132496 | ||
| 041 | 0 | _aeng | |
| 050 | 0 | 4 | _a711.52 $2 18 |
| 110 | 1 |
_aScotland _bScottish Executive _94769 |
|
| 245 | 0 | 0 | _aScottish vacant and derelict land survey 2005 |
| 260 |
_aEdinburgh _bScottish Executive _c2006 |
||
| 490 | 0 |
_aScottish Executive Statistical Bulletin Environment Series _v(ENV/2006/1) January 2006 |
|
| 520 | _aPresents a summary of the results from the 2005 "Scottish vacant and derelict land survey", the fifteenth survey in the series. It is the only national data source for vacant and derelict land in Scotland. It highlights that there were 10 570 hectares of derelict and urban vacant recorded in the 2005 survey, of which 2 973 hectares were urban vacant and 7 597 were derelict. The amount of derelict and urban vacant land recorded by the survey has decreased over the past 10 years from 13 571 hectares in 1995 to 10 570 hectares in 2005. | ||
| 590 | _aIKA140206 | ||
| 690 | _aPROPERTY-PROPERTY MANAGEMENT-REGENERATION | ||
| 856 | 4 | 0 |
_uhttps://www.scotland.gov.uk/Publications/2006/01/30155550/0 _zView the statistical bulletin free of charge at www.scotland.gov.uk... |
| 942 | _n0 | ||
| 999 |
_c105157 _d105157 |
||